Statistics for US Amendments

Click here to take the quiz!

General Stats

  • This quiz has been taken 619 times
    (497 since last reset)
  • The average score is 18 of 31

Answer Stats

Number Hint Answer % Correct
Speech
99%
2Right to ____ ____Bear Arms
91%
13Abolishes _______Slavery
84%
1Freedom of ________Religion
84%
8Prohibits cruel and unusual __________Punishment
82%
15Prohibits the denial of the right to vote based on ____Race
79%
22The president cannot serve more than ___ termsTwo
78%
6Right to a fair public trial by ____Jury
77%
19Prohibits the denial of the right to vote based on ___Sex
76%
18Prohibts the manufacturing or sale of _______Alcohol
75%
Press
74%
9Protects rights not enumerated in the ____________Constitution
68%
Assembly
67%
21Revokes ___________Prohibition
65%
4Prohibits unreasonable ______ and _______Search and Seizure
63%
17United States ________ are elcted by popular voteSenators
61%
20Moved the beginning and end to presidential terms from March 4 to _______ __January 20
54%
26Prohibits the denial of the right to vote to an adult based on ___Age
51%
Petition
50%
7Right to a fair trial in certain _____ casesCivil
47%
23The District of Columbia is granted 3 members in the _________ _______Electoral College
47%
27Prohibits any change to a Congressman's ______ during their termSalary
45%
16Permits Congress to levy an ______ ___ without apportioning it among the states or basing it on the United States Census.Income Tax
44%
3Prohibits quartering of soldiers in _______ _____Private Homes
44%
25Establishes procedures for filling a vacancy in the office of the ____ _________Vice President
43%
24Prohibits the revocation of ______ rights due to the non-payment of any tax.Voting
42%
12Revises ____________ election proceduresPresidential
40%
14Defines ___________Citizenship
38%
10Reinforces the principle of __________ by stating that the federal government possesses only those powers delegated to it by the states or the people through the Constitution.Federalism
28%
5Protects the right to ___ _______Due Process
26%
11Lays the foundation for sovereign ________Immunity
7%

Score Distribution

Percentile by Number Answered

Percent of People with Each Score

Your Score History

You have not taken this quiz since the last reset